2025 Song Titles In The Lyrics - Statistics

General Stats
  • This quiz has been taken 22 times
  • The average score is 12 of 26
Answer Stats
Hint Answer % Correct
We're going up, up, up, it's our moment / You know together we're glowing, gonna be gonna be ______ Golden - HUNTR/X
76%
Sleep tomorrow but tonight go crazy / All you gotta do is just meet me at the / ___, ___, ___, ___, ___, ___, uh, uh-huh, uh-huh APT - Rose & Bruno Mars
71%
'Cause I'm too _____, and then I'm too f****** clean / You told me to get a job then you ask where the hell I've been / And I'm too perfect until I open my big mouth / I just want to be me, is that not allowed? Messy - Lola Young
71%
How can we go ____ __ (being) _______, when we just shared a bed? / How can you look at me and pretend I'm someone you never met? Back To Friends - Sombr
67%
My name is Pink and I'm really glad to meet you / You're recommended to me by some people / Ooh, is this _______? / Ooh, it feels _______ Illegal - PinkPantheress
67%
I was alone in my tower, you were just honing your powers, now I can see it all / You dug me out of my grave and saved my heart from ___ ____ __ _______ The Fate Of Ophelia - Taylor Swift
67%
Tell me you got something to give, I want it / I kinda like it when you call me wonderful / Whatever the type of talk it is, come on then / I gotta know you're meant to be the ___ _ ____, talk to me, talk to me / Talk to me, talk to me, be the ___ _ ____, baby Man I Need - Olivia Dean
62%
I get wet at the thought of you (uh-huh) being a responsible guy / Treating me like you're supposed to do (uh-huh), _____ run down my thighs Tears - Sabrina Carpenter
62%
Do you want the _____ ____? I can take you to the first, second, third floor / And I promise none of this is a metaphor, I just want you to come inside House Tour - Sabrina Carpenter
57%
________, why you always come running to me? / F*** my life, won't you let an innocent woman be? / Never heard of self-care, half your brain just ain't there / ________, why you always come running, taking all my loving from me? Manchild - Sabrina Carpenter
52%
Help me, help me, help me Lord I need you to tell me / Baby, _____ (the hell) __ __ _______ / What is taking him so long to find me? Where Is My Husband - Raye
52%
You're taking me out of the ________, I want you laying me down until we're dead and buried Ordinary - Alex Warren
48%
I hope you ___ ___ __, like I cry for you / Every night for you, take it easy on me baby 'cause I tried with you Cry For Me - The Weeknd
43%
All this time I'm thinking I'm strong enough to sink it / Oh no I don't need you but I miss you come here / He ____ __ ___, he loves me / He holds me tight then lets me go Love Me Not - Rayvn Lenae
43%
She said "Take your time, what's the rush?" / I said "Baby I'm a dog, I'm a ____, I'm a dog, I'm a ____" Mutt - Leon Thomas
43%
I think you know what this is, I think you want it / No you ain't got no Miss's, but you got a ______ ___ / We can uh-uh in it while you drive it real far / Yeah you know what this is, yeah you know what this is Sports Car - Tate McRae
43%
Mama I'm chasing a ghost, I don't know who he is / Mama I'm chasing a ghost, do I look ____ ___? Like Him - Tyler The Creator
38%
But I keep coming back like a _________ ____ / Say I couldn't want you less, but I just want you more Revolving Door - Tate McRae
38%
Mustaaaaaard / N***** acting bad but somebody gotta do it, put my foot up on the gas but somebody gotta do it / Turn this __ ___, turn this __ ___ TV Off - Kendrick Lamar
33%
Until I don't look for you on the staircase, or wish you thought that we were still soulmates / But I'm still counting down all of the days until you're just another girl on ___ ______ The Subway - Chappell Roan
29%
We broke into a million pieces and we can't go back / But now we're seeing all the beauty in the broken glass / The scars are part of me, darkness and harmony / My voice without the lies, this is ____ __ ______ ____ What It Sounds Like - HUNTR/X
29%
So come pick up your clothes, I have them ______ / I'll let your body decide if this is good enough for you / Already ______ it for you, already ______ it for you Folded - Kehlani
24%
Maybe I'd settle down, dig in some roots, find me a farmhouse, find me you / Maybe I wouldn't be already gone again if it ______ ___ ___ ____ Weren't For The Wind - Ella Langley
14%
Right here, laying in my bed, I forget what everyone said / I'm all in, I couldn't care less as long as you're _______ ____ Burning Blue - Mariah The Scientist
10%
Don't know what happened tonight, don't know what happened last week / Don't know what happened to her, but she 'bout to ______ __ __ Happen To Me - Russell Dickerson
10%
I don't need your drugs, I'd rather get, rather get ____ _______ / I don't want cheap love, I'd rather get ____ _______ High Fashion - Addison Rae
5%
No matching quizzes found
Score Distribution
Percent of People with Each Score
Percentile by Number Answered
Your Score History
You have not taken this quiz